000 00536nam a2200193 a 4500
005 20140414132132.0
008 040128s19uu xx 00 eng d
020 _a9789810177768
050 _aTR 510
_bF66 2009
100 _aKheong, Fong Ho
245 _aMaths 2B:
_cFong Ho Kheong.
_bWorkbook Part 1 /
250 _a2nd
260 _bMPH,
_c2009.
_aSingapore :
300 _a88 p. ; cm.
440 _aMy pals are here!
650 _aMathematics-
_xstudy and teaching.
650 _aMathematics-
_xapplications.
999 _c115283
_d115283